000 00661nam a2200229 a 4500
999 _c6424
_d6424
001 6424
003 BD-JhCC
005 20180123095220.0
008 171104s1963 bg |||| ||a| 000 0 ben d
020 _a9844150590
035 _a(BD-JhCC) 6424
040 _aBD-JhCC
_dBD-JhCC
041 _aben
082 _a297
_bKHA 1963
100 _aখাঁ, ইব্রাহীম
245 _aইসলামের মর্মকথা /
_cইব্রাহীম খাঁ
260 _aঢাকা :
_bবুক প্রমোশন লিমিটেড,
_c1963.
300 _a236 p .:
_c19 cm .
650 _aIslam
942 _2ddc
_cBK